A personal adventure in prophecy; (Record no. 4327)

MARC details
000 -LEADER
fixed length control field 00796cam a2200277 4500
001 - CONTROL NUMBER
control field 21162
003 - CONTROL NUMBER IDENTIFIER
control field GBCCL
005 - DATE AND TIME OF LATEST TRANSACTION
control field 20241126110516.0
008 - FIXED-LENGTH DATA ELEMENTS--GENERAL INFORMATION
fixed length control field 740910s1974 ilu b 000 0 eng
010 ## -
-- 74080149 //r90
020 ## - INTERNATIONAL STANDARD BOOK NUMBER
International Standard Book Number 0842348158
-- 0842348166 (pbk.)
035 ## - SYSTEM CONTROL NUMBER
System control number (OCoLC)01054487
040 ## - CATALOGING SOURCE
Original cataloging agency DLC
Transcribing agency DLC
049 ## -
-- LBBK
050 00 -
-- BS2825.3
-- .K55
082 00 - DEWEY DECIMAL CLASSIFICATION NUMBER
Classification number 228.07
Item number KIN
092 ## - LOCALLY ASSIGNED DEWEY CALL NUMBER (OCLC)
Classification number 228.1
Item number K51
100 1# - MAIN ENTRY--PERSONAL NAME
Personal name Kincheloe, Raymond McFarland.
9 (RLIN) 8160
245 12 - TITLE STATEMENT
Title A personal adventure in prophecy;
Remainder of title understanding Revelation.
260 ## - PUBLICATION, DISTRIBUTION, ETC.
Place of publication, distribution, etc. Wheaton, Ill.,
Name of publisher, distributor, etc. Tyndale House Publishers
Date of publication, distribution, etc. [1974]
300 ## - PHYSICAL DESCRIPTION
Extent x, 214 p.
Dimensions 22 cm.
350 ## - PRICE (NR) (BK AM CF MU VM SE) [OBSOLETE]
Price $4.95
504 ## - BIBLIOGRAPHY, ETC. NOTE
Bibliography, etc. note Bibliography: p. 205-214.
630 00 - SUBJECT ADDED ENTRY--UNIFORM TITLE
Uniform title Bible.
Name of part/section of a work N.T.
-- Revelation
General subdivision Commentaries.
9 (RLIN) 8161
942 ## - ADDED ENTRY ELEMENTS (KOHA)
Source of classification or shelving scheme Dewey Decimal Classification
Koha item type Books
Koha issues (borrowed), all copies 2
Holdings
Withdrawn status Lost status Source of classification or shelving scheme Damaged status Not for loan Home library Current Library Shelving location Date acquired Total checkouts Full call number Barcode Date last seen Date last checked out Copy number Price effective from Koha item type
    Dewey Decimal Classification     GRACE BIBLE COLLEGE GRACE BIBLE COLLEGE Biblical Studies 2018-01-18 2 228.07 KIN 001348 2025-05-01 2018-10-16 c.1 2018-01-18 Books
© Grace Bible College Library 2025